Taylor Swift - Les Surprise Songs du Eras Tour en Amérique - Statistiques

Statistiques générales
  • Ce quiz a été pris 78 fois
    7 depuis la dernière actualisation
  • Le résultat moyen est 84 sur 169
Statistiques - réponses
Hint Réponse % Correct
East Rutherford, États-Unis (26 mai) 🎸 Getaway Car
100%
Atlanta, États-Unis (29 avril) 🎹 Gorgeous
100%
Rio De Janeiro, Brésil (20 novembre) 🎸 ME!
100%
Mexico City, Mexique (27 août) 🎸 Afterglow
80%
Detroit, États-Unis (10 juin) 🎸 All You Had To Do Was Stay
80%
Cincinnati, États-Unis (1 juillet) 🎹 Call It What You Want
80%
Arlington, États-Unis (1 avril) | East Rutherford, États-Unis (28 mai) 🎹 Clean
80%
Houston, États-Unis (23 avril) 🎹 Cold as You
80%
Mexico City, Mexique (26 août) 🎸 Cornelia Street
80%
Rio De Janeiro, Brésil (19 novembre) 🎸 Dancing With Our Hands Tied
80%
Minneapolis, États-Unis (24 juin) 🎹 Daylight
80%
Kansas City, États-Unis (8 juillet) 🎹 Dorothea
80%
Buenos Aires, Argentine (11 novembre) 🎹 End Game
80%
Cincinnati, États-Unis (30 juin) 🎹 Evermore
80%
Detroit, États-Unis (9 juin) 🎸 Haunted
80%
Los Angeles, États-Unis (3 août) 🎸 I Can See You
80%
Chicago, États-Unis (3 juin) 🎹 I Don't Wanna Live Forever
80%
Buenos Aires, Argentine (9 novembre) 🎹 Labyrinth
80%
East Rutherford, États-Unis (26 mai) | Los Angeles, États-Unis (3 août) | Mexico City, Mexique (27 août) 🎹 Maroon
80%
Los Angeles, États-Unis (9 août) 🎸 New Romantics
80%
Los Angeles, États-Unis (9 août) 🎹 New Year's Day
80%
Nashville, États-Unis (6 mai) 🎸 Out of the Woods
80%
Minneapolis, États-Unis (23 juin) 🎸 Paper Rings
80%
Foxborough, États-Unis (20 mai) 🎸 Question...?
80%
Foxborough, États-Unis (21 mai) 🎸 Red
80%
Santa Clara, États-Unis (28 juillet) 🎸 Right Where You Left Me
80%
Las Vegas, États-Unis (24 mars) | Mexico City, Mexique (25 août) 🎹 Snow on the Beach
80%
Rio De Janeiro, Brésil (20 novembre) 🎹 So It Goes...
80%
Nashville, États-Unis (5 mai) 🎸 Sparks Fly
80%
Santa Clara, États-Unis (29 juillet) 🎸 Stay Stay Stay
80%
Mexico City, Mexique (24 août) 🎹 Sweet Nothing
80%
East Rutherford, États-Unis (28 mai) 🎸 Welcome To New York
80%
Los Angeles, États-Unis (4 août) 🎹 You Are In Love
80%
Los Angeles, États-Unis (5 août) | Mexico City, Mexique (26 août) | Tampa, États-Unis (14 avril) 🎹 You're On Your Own, Kid
80%
Houston, États-Unis (22 avril) 🎸 A Place In This World
60%
Buenos Aires, Argentine (12 novembre) 🎸 Better Than Revenge
60%
Rio De Janeiro, Brésil (19 novembre) 🎹 Bigger Than The Whole Sky
60%
Detroit, États-Unis (10 juin) 🎹 Breathe
60%
Las Vegas, États-Unis (25 mars) 🎸 Cowboy Like Me
60%
Minneapolis, États-Unis (24 juin) 🎸 Dear John
60%
Arlington, États-Unis (1 avril) 🎸 Death By a Thousand Cuts
60%
Los Angeles, États-Unis (5 août) 🎸 Death By A Thousand Cuts
60%
Los Angeles, États-Unis (7 août) 🎸 Dress
60%
Seattle, États-Unis (22 juillet) 🎹 Everything Has Changed
60%
Los Angeles, États-Unis (7 août) 🎹 exile
60%
Nashville, États-Unis (6 mai) 🎹 Fifteen
60%
Philadelphia, États-Unis (14 mai) 🎸 Hey Stephen
60%
Chicago, États-Unis (4 juin) 🎸 Hits Different
60%
Atlanta, États-Unis (30 avril) 🎹 How You Get The Girl
60%
Atlanta, États-Unis (30 avril) 🎸 I Bet You Think About Me
60%
Los Angeles, États-Unis (8 août) 🎸 I Know Places
60%
Foxborough, États-Unis (20 mai) 🎹 Invisible
60%
Foxborough, États-Unis (21 mai) 🎸 I Think He Knows
60%
Cincinnati, États-Unis (1 juillet) 🎸 Ivy
60%
Chicago, États-Unis (2 juin) 🎸 I Wish You Would
60%
Los Angeles, États-Unis (8 août) 🎹 King of My Heart
60%
Kansas City, États-Unis (8 juillet) 🎸 Last Kiss
60%
Glendale, États-Unis (17 mars) 🎸 mirrorball
60%
São Paulo, Brésil (24 novembre) 🎸 Now That We Don't Talk
60%
Arlington, États-Unis (31 mars) 🎹 Ours
60%
Las Vegas, États-Unis (24 mars) | Los Angeles, États-Unis (4 août) 🎸 Our Song
60%
Denver, États-Unis (14 juillet) 🎸 Picture To Burn
60%
São Paulo, Brésil (26 novembre) 🎸 Say Don't Go
60%
Pittsburgh, États-Unis (17 juin) 🎹 seven
60%
Buenos Aires, Argentine (12 novembre) 🎹 "Slut!"
60%
Tampa, États-Unis (13 avril) 🎸 Speak Now
60%
Denver, États-Unis (15 juillet) 🎸 Starlight
60%
Glendale, États-Unis (18 mars) 🎹 State of Grace
60%
Mexico City, Mexique (25 août) 🎸 Tell Me Why
60%
Tampa, États-Unis (14 avril) 🎸 The Great War
60%
Glendale, États-Unis (18 mars) 🎸 this is me trying
60%
Seattle, États-Unis (22 juillet) 🎸 This Is Why We Can't Have Nice Things
60%
Philadelphia, États-Unis (13 mai) 🎹 This Love
60%
Denver, États-Unis (14 juillet) 🎹 Timeless
60%
Tampa, États-Unis (13 avril) 🎹 Treacherous
60%
Kansas City, États-Unis (7 juillet) 🎹 When Emma Falls in Love
60%
Las Vegas, États-Unis (25 mars) 🎹 White Horse
60%
Houston, États-Unis (21 avril) 🎸 Wonderland
60%
Vancouver, Canada (8 décembre) 🎸 A Place in This World & New Romantics
40%
Denver, États-Unis (15 juillet) 🎹 Back To December
40%
Houston, États-Unis (23 avril) 🎸 Begin Again
40%
Foxborough, États-Unis (19 mai) 🎹 Better Man
40%
Santa Clara, États-Unis (28 juillet) 🎹 Castles Crumbling
40%
Philadelphia, États-Unis (12 mai) 🎹 Come Back... Be Here
40%
Atlanta, États-Unis (28 avril) 🎹 Coney Island
40%
East Rutherford, États-Unis (27 mai) 🎹 False God
40%
Philadelphia, États-Unis (13 mai) 🎸 Forever & Always
40%
Philadelphia, États-Unis (12 mai) 🎸 gold rush
40%
Atlanta, États-Unis (29 avril) 🎸 High Infidelity
40%
Detroit, États-Unis (9 juin) 🎹 I Almost Do
40%
Mexico City, Mexique (24 août) 🎸 I Forgot That You Existed
40%
Cincinnati, États-Unis (30 juin) 🎸 I'm Only Me When I'm With You
40%
São Paulo, Brésil (24 novembre) 🎹 Innocent
40%
Vancouver, Canada (8 décembre) 🎹 Long Live, New Year's Day & The Manuscript
40%
Tampa, États-Unis (15 avril) 🎹 mad woman
40%
Tampa, États-Unis (15 avril) 🎸 Mean
40%
Seattle, États-Unis (23 juillet) 🎸 Message In A Bottle
40%
Nashville, États-Unis (7 mai) 🎹 Mine
40%
Pittsburgh, États-Unis (16 juin) 🎸 Mr. Perfectly Fine
40%
Kansas City, États-Unis (7 juillet) 🎸 Never Grow Up
40%
Arlington, États-Unis (31 mars) 🎸 Sad Beautiful Tragic
40%
Foxborough, États-Unis (19 mai) 🎸 Should've Said No
40%
Rio De Janeiro, Brésil (17 novembre) 🎸 Stay Beautiful
40%
Rio De Janeiro, Brésil (17 novembre) 🎹 Suburban Legends
40%
Nashville, États-Unis (5 mai) 🎹 Teardrops On My Guitar
40%
Philadelphia, États-Unis (14 mai) 🎹 The Best Day
40%
Chicago, États-Unis (2 juin) 🎹 the lakes
40%
Pittsburgh, États-Unis (16 juin) 🎹 The Last Time
40%
Arlington, États-Unis (2 avril) 🎹 The Lucky One
40%
Chicago, États-Unis (4 juin) 🎹 The Moment I Knew
40%
Pittsburgh, États-Unis (17 juin) 🎸 The Story of Us
40%
Vancouver, Canada (7 décembre) 🎹 The Tortured Poets Department & Maroon
40%
Seattle, États-Unis (23 juillet) 🎹 Tied Together With A Smile
40%
Glendale, États-Unis (17 mars) 🎹 Tim McGraw
40%
Nashville, États-Unis (7 mai) 🎸 Would've Could've Should've
40%
Houston, États-Unis (21 avril) 🎹 You're Not Sorry
40%
Nouvelle-Orléans, États-Unis (28 octobre) 🎸 Afterglow & Dress
20%
Santa Clara, États-Unis (29 juillet) 🎹 All of the Girls You Loved Before
20%
Toronto, Canada (22 novembre) 🎹 Cassandra, mad woman & I Did Something Bad
20%
Indianapolis, États-Unis (2 novembre) 🎹 Cold as You & exile
20%
Indianapolis, États-Unis (4 novembre) 🎸 Cornelia Street & The Bolter
20%
Indianapolis, États-Unis (4 novembre) 🎹 Death by a Thousand Cuts & The Great War
20%
Nouvelle-Orléans, États-Unis (27 octobre) 🎸 Espresso, Is It Over Now? & Please Please Please avec Sabrina Carpenter
20%
Toronto, Canada (15 novembre) 🎹 evermore & Peter
20%
Toronto, Canada (14 novembre) 🎹 False God & 'tis the damn season
20%
Vancouver, Canada (6 décembre) 🎸 Haunted & Wonderland
20%
Nouvelle-Orléans, États-Unis (27 octobre) 🎹 Hits Different & Welcome to New York
20%
East Rutherford, États-Unis (27 mai) 🎸 Holy Ground
20%
Nouvelle-Orléans, États-Unis (28 octobre) 🎹 How You Get The Girl & Clean
20%
Toronto, Canada (15 novembre) 🎸 I Don’t Wanna Live Forever & Mine
20%
Minneapolis, États-Unis (23 juin) 🎹 If This Was a Movie
20%
Vancouver, Canada (7 décembre) 🎸 I Love You, I'm Sorry & Last Kiss avec Gracie Abrams
20%
Cincinnati, États-Unis (1 juillet) 🎹 I miss you, I’m sorry avec Gracie Abrams
20%
Buenos Aires, Argentine (11 novembre) 🎸 Is It Over Now? & Out of the Woods
20%
São Paulo, Brésil (26 novembre) 🎹 It's Time to Go
20%
Arlington, États-Unis (2 avril) 🎸 Jump Then Fall
20%
Florida, États-Unis (20 octobre) 🎹 loml & White Horse
20%
Indianapolis, États-Unis (3 novembre) 🎹 Maroon & Cowboy Like Me
20%
Florida, États-Unis (21 octobre) 🎹 mirroball & Guilty as Sin?
20%
Toronto, Canada (21 novembre) 🎸 Mr. Perfectly Fine & Better Than Revenge
20%
Toronto, Canada (14 novembre) 🎸 My Boy Only Breaks His Favorite Toys & This is Why We Can't Have Nice Things
20%
Vancouver, Canada (6 décembre) 🎹 Never Grow Up & The Best Day
20%
Toronto, Canada (22 novembre) 🎸 Ours & the last great american dynasty
20%
Nouvelle-Orléans, États-Unis (26 octobre) 🎸 Our Song & Call It What You Want
20%
Florida, États-Unis (21 octobre) 🎸 Out of the Woods & All You Had To Do Was Stay
20%
São Paulo, Brésil (25 novembre) 🎸 Safe & Sound
20%
Florida, États-Unis (20 octobre) 🎸 Should've Said No & I Did Something Bad
20%
Toronto, Canada (23 novembre) 🎸 Sparks Fly & Message in a Bottle
20%
Toronto, Canada (21 novembre) 🎹 State of Grace & Labyrinth
20%
Indianapolis, États-Unis (2 novembre) 🎸 The Albatross & Holy Ground
20%
Nouvelle-Orléans, États-Unis (26 octobre) 🎹 The Black Dog & Haunted
20%
Atlanta, États-Unis (28 avril) 🎸 The Other Side of the Door
20%
Indianapolis, États-Unis (3 novembre) 🎸 The Prophecy & This Love
20%
Buenos Aires, Argentine (9 novembre) 🎸 The Very First Night
20%
Florida, États-Unis (19 octobre) 🎹 this is me trying & Daylight
20%
Florida, États-Unis (19 octobre) 🎸 Tim McGraw & Timeless
20%
Houston, États-Unis (22 avril) 🎹 Today Was A Fairytale
20%
São Paulo, Brésil (25 novembre) 🎹 Untouchable
20%
Toronto, Canada (16 novembre) 🎸 us. & Out of the Woods avec Gracie Abrams
20%
Chicago, États-Unis (3 juin) 🎸 You All Over Me
20%
Toronto, Canada (23 novembre) 🎹 You're Losing Me & How Did It End?
20%
Toronto, Canada (16 novembre) 🎹 You're on Your Own, Kid & long story short
20%
Aucun quiz correspondant
Distribution des résultats
% des personnes avec chaque résultat
Percentile par nombre de réponses
Votre historique - résultats
Vous n’avez pas pris ce quiz depuis la dernière actualisation